书目信息 |
| 书名: | The lighter side of gravity | |
| 作者: | Jayant V. Narlikar | |
| 分册号: | ||
| 分册名: | 出版地: | Cambridge ; |
|
| 出版社: | Cambridge University Press | |
| 出版时间: | 1982. | |
| 页数: | xii, 194 p. : | |
| 开本: | 24 cm. | |
| 丛书名: | ||
| 中图分类号: | ||
| 科图分类号: | ||
| 其他分类号: | N49 | |
| 主题词: | ||
| 电子资源: | ||
| 000 | 00958nam 2200313 a 4500 | |
| 001 | E0752175979 | |
| 003 | DLC | |
| 005 | 20070227143250.93 | |
| 008 | uu | |
| 008 | 001 0 eng | |
| 008 | 1982 | |
| 010 | @a96012581 | |
| 020 | @a0-7167-1344-6. | |
| 020 | @a0521565650 (pbk.). | |
| 040 | @aDLC @cDLC @dDLC | |
| 049 | @aN5LA | |
| 050 | 00 | @aQB331 @b.N37 1996 |
| 082 | 00 | @a531/.14 @220 |
| 090 | @a2-98/O412/N23/ 1996/////1029773 | |
| 090 | @aN49 | |
| 096 | @aO412 @v3 | |
| 099 | @dN49@ex10 | |
| 100 | 1 | @aNarlikar, Jayant Vishnu, @d1938- |
| 245 | 14 | @aThe lighter side of gravity / @cJayant V. Narlikar |
| 260 | @aCambridge ;@aNew York, NY, USA :@bCambridge University Press,@c1982. | |
| 300 | @axii, 194 p. :@bill. ;@c24 cm. | |
| 504 | @aIncludes bibliographical references and index. | |
| 650 | 0 | @aGravity. @b00 @c20020930 @lNLC09 @h2253 @lNLC09 @h0015 @lNLC09 @h2008 |
| 852 | 9 | @bWWJC @k2-98 @hO412 @iN23/1996 @cJ09 |
| The lighter side of gravity / / Jayant V. Narlikar.-Cambridge ; ; New York, NY, USA : : Cambridge University Press, , 1982. |
| xii, 194 p. : : ill. ; ; 24 cm. |
| Includes bibliographical references and index. |
| ISBN 0-7167-1344-6. |
| ● |
| 相关链接 |
|
|
|
|
正题名:lighter side of gravity
索取号:N49/x10
 
预约/预借
| 序号 | 登录号 | 条形码 | 馆藏地/架位号 | 状态 | 备注 |
| 1 | 182442 | 000455885 | 第二样本阅览室/ [索取号:N49/x10] | 在馆 | |
| 2 | 182443 | 000455769 | 第四借阅区/ [索取号:N49/x10] | 在馆 | |
| 3 | 182444 | 000455876 | 第四借阅区/ [索取号:N49/x10] | 在馆 | |
| 4 | 182445 | 000455803 | 第四借阅区/ [索取号:N49/x10] | 在馆 | |
| 5 | 182446 | 000455849 | 第四借阅区/ [索取号:N49/x10] | 在馆 |